000 00749na a2200217 4500
001 18979
003 MIRAKIL
005 20181213155051.0
008 161206b tu 000 0
040 _aMilas
_btur
_cTR-AnCHP
041 _atur
082 _a711.4356511
_bA54 1970
090 _a711.4356511 A54 1970
245 _aAnkara nazım plan çalışmaları
_cİmar ve İskan Bakanlığı Ankara Metropoliten Alan Nazım Plan Bürosu
260 _a[y.y.]
_bİmar ve İskan Bakanlığı Ankara Metropoliten Alan Nazım Plan Bürosu
_c1970
300 _a34 s.
_bhrt.; res.; çizim; plan; tbl.
_c28 sm.
650 _aMetropol kentler
_zAnkara
650 _aKent planlaması
_zAnkara
710 _aİmar ve İskan Bakanlığı
942 _2ddc
_cBKS
999 _c5940
_d5940